[Event "Titled Tuesday 2022.08.23 Late"]
[Site "chess.com INT"]
[Date "2022.08.23"]
[Round "8"]
[White "Atanasov, Anthony"]
[Black "Bayo Milagro, Alvaro"]
[Result "1/2-1/2"]
[WhiteElo "2150"]
[BlackElo "2285"]
[PlyCount "162"]
[EventDate "2022.08.23"]
[EventType "swiss (blitz)"]
[EventRounds "11"]
[EventCountry "NET"]
[Source "Mark Crowther"]
[SourceDate "2022.08.29"]

1. d4 Nf6 2. Nf3 e6 3. Bf4 d5 4. Nbd2 Bd6 5. Bg5 h6 6. Bxf6 Qxf6 7. e4 Qd8 8.
e5 Be7 9. Bd3 b6 10. c3 Qd7 11. a4 a5 12. Qe2 Ba6 13. Bxa6 Nxa6 14. O-O O-O 15.
Rfe1 c5 16. Qd3 Nb8 17. Nf1 Nc6 18. Ng3 cxd4 19. Nxd4 Nxd4 20. cxd4 Rac8 21.
Re3 Qc6 22. Nh5 Bg5 23. f4 Bh4 24. Rh3 Qc1+ 25. Rxc1 Rxc1+ 26. Qf1 Rxf1+ 27.
Kxf1 Be7 28. Rc3 Rb8 29. Rc7 Bf8 30. f5 exf5 31. Ra7 b5 32. Rxa5 bxa4 33. Rxa4
Rxb2 34. Nf4 Be7 35. Nxd5 Bg5 36. Nc3 Rc2 37. Ne2 Rd2 38. Kf2 Rd3 39. g3 Be3+
40. Kg2 g5 41. Ra6 Kg7 42. Rd6 g4 43. Nf4 Rd2+ 44. Kf1 Bxd4 45. e6 Kf6 46. Nd5+
Ke5 47. exf7 Kxd6 48. f8=Q+ Kxd5 49. Qf7+ Ke4 50. Qe6+ Be5 51. Qc4+ Rd4 52.
Qe2+ Kd5 53. Qg2+ Re4 54. Qa2+ Kd6 55. Qa6+ Kd5 56. Qxh6 Bd4 57. Qg6 Ke5 58.
Qg7+ Ke6 59. Qg8+ Ke5 60. Qe8+ Kf6 61. Qf8+ Ke5 62. Qb8+ Kf6 63. Qb7 Kg5 64.
Qc6 Be3 65. Qc8 Kf6 66. Qd8+ Kg6 67. Qd7 Bd4 68. Kg2 Re2+ 69. Kf1 Re4 70. Qd6+
Bf6 71. Qd5 Kg5 72. Qg8+ Kh6 73. Qf7 Kg5 74. Kg2 Re7 75. Qg8+ Kh6 76. h4 gxh3+
77. Kxh3 Re5 78. Qf7 Kg5 79. Qg8+ Kh6 80. Qf8+ Kg6 81. Qg8+ Kh6 1/2-1/2

[Event "Titled Tuesday 2022.08.23 Late"]
[Site "chess.com INT"]
[Date "2022.08.23"]
[Round "10"]
[White "Atanasov, Anthony"]
[Black "Graif, William"]
[Result "1-0"]
[WhiteElo "2150"]
[BlackElo "2305"]
[PlyCount "65"]
[EventDate "2022.08.23"]
[EventType "swiss (blitz)"]
[EventRounds "11"]
[EventCountry "NET"]
[Source "Mark Crowther"]
[SourceDate "2022.08.29"]

1. d4 Nf6 2. Bf4 c5 3. d5 b5 4. c4 bxc4 5. Nc3 d6 6. e4 e5 7. dxe6 Bxe6 8. Bxc4
Bxc4 9. Qa4+ Nbd7 10. Qxc4 Be7 11. Nf3 O-O 12. O-O Nb6 13. Qd3 d5 14. exd5
Nfxd5 15. Nxd5 Qxd5 16. Qxd5 Nxd5 17. Rfe1 Bf6 18. Be5 Rfe8 19. Bxf6 Nxf6 20.
Rac1 Rxe1+ 21. Nxe1 Rd8 22. Rxc5 g6 23. Kf1 Ne4 24. Rc2 Kg7 25. Ke2 Rd7 26. f3
Ng5 27. Nd3 Ne6 28. Rc4 Kf6 29. Ke3 h5 30. Nc5 Rc7 31. b4 Ke7 32. Kd3 Rb7 33.
Nxb7 1-0

[Event "Titled Tuesday 2022.08.16 Early"]
[Site "chess.com INT"]
[Date "2022.08.16"]
[Round "8"]
[White "Leiva, G."]
[Black "Atanasov, Anthony"]
[Result "1-0"]
[WhiteElo "2389"]
[BlackElo "2150"]
[PlyCount "187"]
[EventDate "2022.08.16"]
[EventType "swiss (blitz)"]
[EventRounds "11"]
[EventCountry "NET"]
[Source "Mark Crowther"]
[SourceDate "2022.08.22"]

1. e4 c5 2. Nf3 d6 3. Bb5+ Nd7 4. a4 Ngf6 5. Nc3 a6 6. Be2 b6 7. d4 cxd4 8.
Qxd4 Bb7 9. O-O e5 10. Qe3 Nc5 11. Nd2 Ne6 12. Nb3 Rc8 13. Qd3 Nc5 14. Nxc5
dxc5 15. Qxd8+ Rxd8 16. Bg5 Be7 17. f3 h6 18. Bxf6 Bxf6 19. Bc4 Rd2 20. Rf2 Bg5
21. Kf1 Be3 22. Re2 Rxe2 23. Kxe2 Bd4 24. Nd1 h5 25. Kf1 f5 26. exf5 e4 27. c3
Be5 28. fxe4 Bxh2 29. Nf2 Ke7 30. Rd1 Be5 31. Bd5 Bc8 32. Nd3 Bd6 33. Kf2 Rf8
34. Ke3 b5 35. axb5 axb5 36. Ra1 c4 37. Nf4 Bc5+ 38. Kf3 Kf6 39. Ra8 Bxf5 40.
Rxf8+ Bxf8 41. exf5 Kxf5 42. Nxh5 g6 43. Nf4 Bh6 44. Ne2 Bd2 45. Bc6 b4 46. Bb5
bxc3 47. bxc3 Ke5 48. Bxc4 g5 49. Bd3 Kf6 50. c4 Bb4 51. Ke4 Bc5 52. g4 Ke6 53.
Nc3 Kd6 54. Na4 Bb4 55. c5+ Ke6 56. Bc4+ Ke7 57. Kd5 Bd2 58. Nb2 Be3 59. Nd3
Kf6 60. Ne5 Bf4 61. Nf3 Ke7 62. Kc6 Kd8 63. Kb7 Be3 64. c6 Bf4 65. Nd4 Ke7 66.
Nb5 Kf6 67. Bd3 Bg3 68. Bf5 Be5 69. Kc8 Bf4 70. Kd7 Bb8 71. Nd6 Ke5 72. Nf7+
Kf6 73. c7 Bxc7 74. Kxc7 Kxf7 75. Kd6 Kf6 76. Kd5 Kg7 77. Ke5 Kh6 78. Be4 Kg7
79. Kf5 Kh6 80. Bd3 Kg7 81. Kxg5 Kf7 82. Kh6 Ke7 83. Kg7 Ke6 84. Bf5+ Ke5 85.
Kg6 Kd6 86. Kf6 Kd5 87. g5 Kd4 88. g6 Ke3 89. g7 Kf4 90. g8=Q Ke3 91. Qg4 Kd2
92. Qf3 Ke1 93. Qe3+ Kf1 94. Bh3# 1-0

[Event "Titled Tuesday 2022.08.16 Late"]
[Site "chess.com INT"]
[Date "2022.08.16"]
[Round "1"]
[White "Atanasov, Anthony"]
[Black "Sailer, M."]
[Result "1-0"]
[WhiteElo "2150"]
[BlackElo "2109"]
[PlyCount "123"]
[EventDate "2022.08.16"]
[EventType "swiss (blitz)"]
[EventRounds "11"]
[EventCountry "NET"]
[Source "Mark Crowther"]
[SourceDate "2022.08.22"]

1. d4 d5 2. Bf4 Nf6 3. e3 c6 4. Nf3 Bf5 5. Bd3 Bxd3 6. cxd3 e6 7. Nc3 Be7 8.
O-O O-O 9. e4 c5 10. dxc5 Bxc5 11. Qb3 dxe4 12. Qxb7 exf3 13. Qxa8 fxg2 14.
Qxg2 Qxd3 15. Bh6 Nh5 16. Ne4 Be7 17. Rac1 Kh8 18. Rfd1 Qb5 19. Rc7 gxh6 20.
Rxe7 Rg8 21. Qxg8+ Kxg8 22. Rd8+ Kg7 23. Ree8 Nf6 24. Rxb8 Qe2 25. Nxf6 Kxf6
26. Rg8 Qe1+ 27. Kg2 Qe4+ 28. Kf1 Qd3+ 29. Ke1 Qb1+ 30. Kd2 Qxa2 31. Rb4 Qd5+
32. Kc3 Qc5+ 33. Rc4 Qxf2 34. h4 Qe1+ 35. Kb3 Qd1+ 36. Ka2 Qd5 37. Rgg4 h5 38.
Rgf4+ Ke7 39. Rfd4 Qe5 40. Re4 Qd5 41. Red4 Qe5 42. Ra4 f5 43. Rxa7+ Kf6 44.
Raa4 Qg3 45. Rac4 h6 46. b3 Qf2+ 47. Ka3 Qe1 48. Ka4 Qa1+ 49. Kb5 Qa7 50. b4
Qb7+ 51. Ka4 Qa8+ 52. Kb3 Qf3+ 53. Rc3 Qe2 54. Rcd3 Qe1 55. b5 Qb1+ 56. Kc4
Qc2+ 57. Kb4 Qb2+ 58. Kc5 Qc2+ 59. Kb6 Ke5 60. Rd6 f4 61. Rc6 Kf5 62. Rxc2 1-0

[Event "Charlotte Summer IM-A"]
[Site "Charlotte USA"]
[Date "2022.07.25"]
[Round "1.4"]
[White "Atanasov, Anthony"]
[Black "Avila Rodriguez, Joshua Ad"]
[Result "0-1"]
[WhiteElo "2172"]
[BlackElo "2210"]
[PlyCount "66"]
[EventDate "2022.07.24"]
[EventType "tourn"]
[EventRounds "9"]
[EventCountry "USA"]
[Source "ChessMix"]
[SourceDate "2022.08.01"]

1. e4 c5 2. Nf3 d6 3. d4 cxd4 4. Nxd4 Nf6 5. Nc3 a6 6. Nb3 e6 7. g4 b5 8. Bg2
Bb7 9. g5 Nfd7 10. h4 b4 11. Ne2 Nc6 12. f4 h6 13. Be3 hxg5 14. hxg5 Rxh1+ 15.
Bxh1 Qc7 16. Qd3 Nc5 17. Qc4 a5 18. Nxc5 dxc5 19. c3 a4 20. cxb4 Nxb4 21. a3
Ba6 22. Qc3 Nd3+ 23. Kd2 Rb8 24. b4 Qd7 25. b5 Rxb5 26. Kd1 Rb3 27. Qd2 Rb2 28.
Qa5 Nxf4+ 29. Kc1 Nd3+ 30. Kd1 Nb4+ 31. Kc1 Qd1+ 32. Kxd1 Bxe2+ 33. Ke1 Nd3#
0-1

[Event "Charlotte Summer IM-A"]
[Site "Charlotte USA"]
[Date "2022.07.25"]
[Round "2.3"]
[White "Wang, Tianqi"]
[Black "Atanasov, Anthony"]
[Result "1-0"]
[WhiteElo "2402"]
[BlackElo "2172"]
[PlyCount "137"]
[EventDate "2022.07.24"]
[EventType "tourn"]
[EventRounds "9"]
[EventCountry "USA"]
[Source "ChessMix"]
[SourceDate "2022.08.01"]

1. e4 e5 2. Nf3 Nf6 3. Nc3 Nc6 4. d4 exd4 5. Nxd4 Bb4 6. Nxc6 bxc6 7. Bd3 d5 8.
Bd2 O-O 9. O-O Bxc3 10. Bxc3 Nxe4 11. Bxe4 dxe4 12. Qe2 Qe7 13. Rad1 Bf5 14.
Qe3 Rfd8 15. Rd4 Rxd4 16. Qxd4 Qg5 17. Qe5 Rc8 18. Re1 h5 19. Kh1 h4 20. h3 Qg6
21. Qf4 Qh5 22. Qe5 Qg6 23. Re3 Rd8 24. Qxc7 Rd1+ 25. Re1 Qd6 26. Qxa7 Rxe1+
27. Bxe1 Qd1 28. Qb8+ Kh7 29. Qb4 Qxc2 30. Kh2 c5 31. Qb8 e3 32. Qf4 exf2 33.
Qxh4+ Kg6 34. Qg3+ Kh7 35. Qxf2 c4 36. Qg3 f6 37. Bc3 Be4 38. a4 Bb7 39. Qh4+
Kg6 40. Qg4+ Kh7 41. a5 Qf2 42. h4 Qc5 43. Qd7 Bc8 44. Bd4 Bxd7 45. Bxc5 Kg6
46. Kg3 Kf5 47. Bf8 g6 48. a6 Bc6 49. Bg7 Ke6 50. Kf2 f5 51. g3 Kd5 52. Ke3 Ke6
53. Kd4 Bb5 54. a7 Bc6 55. Kxc4 Bf3 56. Kd4 Bb7 57. Ke3 Ba8 58. Kf4 Bh1 59. Kg5
Kf7 60. Bd4 Bf3 61. Bf6 Be4 62. b3 Bd5 63. h5 gxh5 64. Kxf5 Bf3 65. Ke5 Bg2 66.
Bh4 Ke8 67. Kd6 Bf3 68. Kc7 Be4 69. b4 1-0

[Event "Charlotte Summer IM-A"]
[Site "Charlotte USA"]
[Date "2022.07.26"]
[Round "3.3"]
[White "Atanasov, Anthony"]
[Black "Eckert, Doug"]
[Result "1/2-1/2"]
[WhiteElo "2172"]
[BlackElo "2177"]
[PlyCount "35"]
[EventDate "2022.07.24"]
[EventType "tourn"]
[EventRounds "9"]
[EventCountry "USA"]
[Source "ChessMix"]
[SourceDate "2022.08.01"]

1. d4 Nf6 2. Nf3 g6 3. Bf4 Bg7 4. e3 O-O 5. Be2 d6 6. h3 c5 7. O-O Nc6 8. c3
Nd5 9. Bg3 cxd4 10. exd4 e5 11. dxe5 dxe5 12. Nbd2 Nf4 13. Nc4 Qxd1 14. Bxd1
Nd3 15. Be2 Nf4 16. Bd1 Nd3 17. Be2 Nf4 18. Bd1 1/2-1/2

[Event "Charlotte Summer IM-A"]
[Site "Charlotte USA"]
[Date "2022.07.26"]
[Round "4.4"]
[White "Homa, Seth"]
[Black "Atanasov, Anthony"]
[Result "0-1"]
[WhiteElo "2237"]
[BlackElo "2172"]
[PlyCount "70"]
[EventDate "2022.07.24"]
[EventType "tourn"]
[EventRounds "9"]
[EventCountry "USA"]
[Source "ChessMix"]
[SourceDate "2022.08.01"]

1. c4 Nf6 2. Nc3 d5 3. cxd5 Nxd5 4. g3 e5 5. Bg2 Nb6 6. e3 Nc6 7. Nge2 Be7 8.
O-O O-O 9. f4 Bd6 10. f5 Be7 11. g4 Nb4 12. Ne4 N4d5 13. b3 Nf6 14. N2c3 c6 15.
Bb2 Nbd5 16. Nxd5 cxd5 17. Ng3 Qd6 18. g5 Ne8 19. Qh5 f6 20. h4 Bd7 21. Qg4 Bc6
22. Nh5 Kh8 23. d4 e4 24. Bh3 Bd7 25. Qg2 Rc8 26. Kh1 fxg5 27. hxg5 Bxg5 28.
Qxg5 Rc2 29. Rf4 Rxb2 30. Rg1 Rf7 31. f6 Bxh3 32. fxg7+ Kg8 33. Rg3 Be6 34. Qh6
Rxf4 35. exf4 Qe7 0-1

[Event "Charlotte Summer IM-A"]
[Site "Charlotte USA"]
[Date "2022.07.27"]
[Round "5.2"]
[White "Atanasov, Anthony"]
[Black "Mishra, Prateek"]
[Result "1/2-1/2"]
[WhiteElo "2172"]
[BlackElo "2204"]
[PlyCount "239"]
[EventDate "2022.07.24"]
[EventType "tourn"]
[EventRounds "9"]
[EventCountry "USA"]
[Source "ChessMix"]
[SourceDate "2022.08.01"]

1. d4 Nf6 2. c4 g6 3. Nc3 d5 4. cxd5 Nxd5 5. e4 Nxc3 6. bxc3 Bg7 7. Qa4+ Nd7 8.
Nf3 O-O 9. Qa3 c5 10. Be2 Qc7 11. O-O b6 12. Bg5 Bb7 13. Bd3 h6 14. Bd2 Rad8
15. Rad1 g5 16. Bb1 b5 17. Qb3 a6 18. a4 bxa4 19. Qa2 e6 20. h3 Nf6 21. Rfe1
Nh5 22. Qxa4 Nf4 23. Qc4 Rc8 24. Qb3 Ba8 25. Qa3 a5 26. Bxf4 gxf4 27. d5 e5 28.
Nh4 Bb7 29. Nf5 Kh7 30. d6 Qd7 31. Qxa5 Ra8 32. Qxc5 Rfc8 33. Qb4 Ra4 34. Qb2
Rac4 35. Bd3 R4c5 36. Rd2 Bf6 37. c4 Ba6 38. Rc1 f3 39. Ra1 Bxc4 40. Bxc4 Rxc4
41. gxf3 Rg8+ 42. Kh1 Rg5 43. Rc2 Rd4 44. Rc7 Qe6 45. Kh2 Rh5 46. Qa2 Rxd6 47.
Rxf7+ Kg6 48. Rg1+ Rg5 49. Rxg5+ hxg5 50. Qxe6 Rxe6 51. Rd7 Ra6 52. Rd6 Rxd6
53. Nxd6 Be7 54. Nc4 Bf6 55. Kg2 Kh5 56. Ne3 Bh8 57. Nf5 Bf6 58. Kf1 Bd8 59.
Ne3 Kh4 60. Kg2 Bf6 61. Nf5+ Kh5 62. Kg1 Bd8 63. Kf1 Bb6 64. Ke2 Bc5 65. Kd3
Bxf2 66. Kc4 Be1 67. Kd5 Bc3 68. Ke6 Bd4 69. Kf7 Bc3 70. Kf6 Bb2 71. Kf7 Bc3
72. Ke7 Bb2 73. Kd7 Bc3 74. Kc7 Bb2 75. Kc6 Ba1 76. Kb7 Bb2 77. Kb6 Ba1 78. Kb5
Bc3 79. Kc4 Bd2 80. Kd5 Bc3 81. Ke6 Bb2 82. Kf6 Bc3 83. Kg7 Bb2 84. Kf8 Bc3 85.
Kf7 Bb2 86. Ke7 Bc3 87. Kd6 Bb2 88. Kd5 Bc3 89. Ke6 Bb2 90. Ne3 Kh4 91. Nc4 Bc3
92. Nxe5 Kxh3 93. Nf7 Kg3 94. Kd5 g4 95. fxg4 Kxg4 96. Ne5+ Kg5 97. Nc4 Kf6 98.
Kd6 Bb4+ 99. Kd7 Bc3 100. Kd6 Bb4+ 101. Kd5 Bc3 102. Nd6 Ke7 103. Nf5+ Kd7 104.
Ne3 Ke7 105. Nc4 Kd7 106. Na3 Ke7 107. Nb5 Bb2 108. Na7 Ba1 109. Nc8+ Kd7 110.
Nd6 Ke7 111. Nf5+ Kd7 112. Nd4 Bxd4 113. Kxd4 Ke6 114. e5 Ke7 115. Kd5 Kd7 116.
e6+ Ke7 117. Ke5 Ke8 118. Kd6 Kd8 119. e7+ Ke8 120. Ke6 1/2-1/2

[Event "Charlotte Summer IM-A"]
[Site "Charlotte USA"]
[Date "2022.07.27"]
[Round "6.5"]
[White "Kolay, Alex"]
[Black "Atanasov, Anthony"]
[Result "1-0"]
[WhiteElo "2188"]
[BlackElo "2172"]
[PlyCount "105"]
[EventDate "2022.07.24"]
[EventType "tourn"]
[EventRounds "9"]
[EventCountry "USA"]
[Source "ChessMix"]
[SourceDate "2022.08.01"]

1. d4 Nf6 2. c4 g6 3. Nc3 d5 4. Nf3 Bg7 5. h4 c6 6. Bg5 dxc4 7. e4 Be6 8. e5
Nd5 9. h5 Nxc3 10. bxc3 Nd7 11. h6 Bf8 12. a4 Qa5 13. Qc1 O-O-O 14. Be2 Bd5 15.
Nd2 f6 16. Bf4 Nb6 17. O-O g5 18. Bh2 f5 19. Qc2 e6 20. Rfb1 Bxh6 21. Rxb6 Qxb6
22. Nxc4 Bxc4 23. Bxc4 Rhe8 24. g4 f4 25. Qxh7 Bf8 26. Rb1 Qc7 27. Qg6 Qe7 28.
a5 Kc7 29. Kg2 Qg7 30. Qe4 Rd7 31. a6 b6 32. Bd3 Rc8 33. f3 Kb8 34. Bg1 Qe7 35.
Bf2 Qa3 36. Bc4 Re7 37. Rb3 Qa4 38. Rb4 Qa1 39. Qc2 b5 40. Ba2 Rcc7 41. Rb1
Qxb1 42. Qxb1 Kc8 43. Qg6 Kd7 44. Qxg5 Rf7 45. Qg8 Ke7 46. Bh4+ Ke8 47. Bf6 b4
48. cxb4 c5 49. bxc5 Rc6 50. Bc4 Rxc5 51. dxc5 Rd7 52. Qg6+ Rf7 53. Bb5# 1-0

[Event "Charlotte Summer IM-A"]
[Site "Charlotte USA"]
[Date "2022.07.28"]
[Round "7.1"]
[White "Atanasov, Anthony"]
[Black "Zaloznyy, Mike"]
[Result "1-0"]
[WhiteElo "2172"]
[BlackElo "2171"]
[PlyCount "155"]
[EventDate "2022.07.24"]
[EventType "tourn"]
[EventRounds "9"]
[EventCountry "USA"]
[Source "ChessMix"]
[SourceDate "2022.08.01"]

1. d4 d5 2. Bf4 Nf6 3. e3 e6 4. Nf3 Bd6 5. Nbd2 O-O 6. Bd3 c5 7. c3 Bxf4 8.
exf4 b6 9. O-O Qd6 10. g3 Ba6 11. Bxa6 Nxa6 12. Qe2 Nb8 13. Qd3 Nc6 14. Rfe1
cxd4 15. Nxd4 Nxd4 16. Qxd4 Qc5 17. Qd3 g6 18. Rad1 Rfc8 19. Nb3 Qc4 20. Qe3 b5
21. Rd4 Qc7 22. Nc1 a5 23. Nd3 Qb6 24. Rd1 Rc4 25. Ne5 Rxd4 26. Qxd4 Rb8 27. a3
Ne4 28. Kg2 Nd6 29. Qd3 Nc4 30. Qe2 Qb7 31. Rd4 Nd6 32. g4 Rc8 33. h3 Ne4 34.
f3 Nc5 35. Qd1 Na4 36. Qe2 Re8 37. Nd3 Qc6 38. Ne5 Qb7 39. Nd3 Qc7 40. Rxd5 Qc4
41. Rd4 Qa2 42. Qf2 Rc8 43. Rd7 Qb1 44. Qf1 Qc2+ 45. Qf2 Qb1 46. f5 exf5 47.
gxf5 b4 48. axb4 axb4 49. fxg6 hxg6 50. Nxb4 Qxb2 51. Rd2 Qxc3 52. Rc2 Qxb4 53.
Rxc8+ Kg7 54. Qe2 Qf4 55. Rc4 Qg5+ 56. Rg4 Nc3 57. Rxg5 Nxe2 58. Rg4 Nc3 59.
Rd4 Nb5 60. Rd7 Kf6 61. Kg3 Ke6 62. Rb7 Nd6 63. Rb6 Ke7 64. Kf4 Nf5 65. Ke5 Nh4
66. Rb7+ Ke8 67. f4 Nf3+ 68. Kf6 Ng1 69. Rb3 Kd7 70. Re3 Kd6 71. Kxf7 Kd5 72.
Kxg6 Kd4 73. Ra3 Ne2 74. f5 Nf4+ 75. Kg7 Ke5 76. Ra5+ Kd6 77. f6 Ne6+ 78. Kg8
1-0

[Event "Charlotte Summer IM-A"]
[Site "Charlotte USA"]
[Date "2022.07.28"]
[Round "8.5"]
[White "Atanasov, Anthony"]
[Black "Adu, Oladapo"]
[Result "1-0"]
[WhiteElo "2172"]
[BlackElo "2056"]
[PlyCount "107"]
[EventDate "2022.07.24"]
[EventType "tourn"]
[EventRounds "9"]
[EventCountry "USA"]
[Source "ChessMix"]
[SourceDate "2022.08.01"]

1. d4 d5 2. Nf3 e6 3. Bf4 c5 4. e3 Nf6 5. Nbd2 Bd6 6. dxc5 Bxc5 7. c4 O-O 8. a3
Bd6 9. Bxd6 Qxd6 10. cxd5 Qxd5 11. Bc4 Qh5 12. O-O b6 13. Rc1 Bb7 14. Be2 Rd8
15. Nd4 Qg6 16. Bf3 Bd5 17. Nc4 Nbd7 18. Bxd5 Nxd5 19. Nc6 Rf8 20. Qxd5 exd5
21. Ne7+ Kh8 22. Nxg6+ hxg6 23. Nd6 Kg8 24. Rc7 Nf6 25. Rfc1 Rad8 26. Nb5 a6
27. Nd4 Rd6 28. f3 Re8 29. Kf2 Nd7 30. R1c6 Rxc6 31. Nxc6 Ne5 32. Ne7+ Kf8 33.
Nxd5 Nd3+ 34. Ke2 Nxb2 35. Nxb6 Rd8 36. e4 f6 37. Nd5 Rb8 38. Rc6 Rb3 39. Rxa6
Nc4 40. a4 Ra3 41. Ra8+ Kf7 42. Ra7+ Kg8 43. Kf2 Kh8 44. Kg3 Ra2 45. h4 Kg8 46.
Nf4 Ne3 47. Ne6 Rxg2+ 48. Kf4 Nc4 49. Rxg7+ Kh8 50. Rf7 f5 51. exf5 gxf5 52.
Rf8+ Kh7 53. Kxf5 Ra2 54. Kf6 1-0

[Event "Charlotte Summer IM-A"]
[Site "Charlotte USA"]
[Date "2022.07.28"]
[Round "9.2"]
[White "Ringoir, Tanguy"]
[Black "Atanasov, Anthony"]
[Result "1-0"]
[WhiteElo "2490"]
[BlackElo "2172"]
[PlyCount "51"]
[EventDate "2022.07.24"]
[EventType "tourn"]
[EventRounds "9"]
[EventCountry "USA"]
[Source "ChessMix"]
[SourceDate "2022.08.01"]

1. d4 Nf6 2. c4 g6 3. Nc3 d5 4. cxd5 Nxd5 5. Bd2 Nb6 6. e3 Bg7 7. h4 h5 8. Nf3
O-O 9. Ng5 Nc6 10. Qb3 e5 11. d5 Ne7 12. a4 e4 13. Rd1 Nbxd5 14. Nxd5 Qxd5 15.
Bc4 Qf5 16. O-O a6 17. f3 b5 18. axb5 axb5 19. Bxf7+ Kh8 20. fxe4 Qe5 21. Bd5
Bg4 22. Bxa8 Bxd1 23. Rxf8+ Bxf8 24. Qf7 Bg7 25. Bc3 Bb3 26. Qe8+ 1-0

[Event "Titled Tuesday 2022.07.19 Late"]
[Site "chess.com INT"]
[Date "2022.07.19"]
[Round "1"]
[White "Atanasov, Anthony"]
[Black "Rustemov, A."]
[Result "0-1"]
[WhiteElo "2172"]
[BlackElo "2525"]
[PlyCount "120"]
[EventDate "2022.07.19"]
[EventType "swiss (blitz)"]
[EventRounds "11"]
[EventCountry "NET"]
[Source "Mark Crowther"]
[SourceDate "2022.07.25"]

1. Nf3 d5 2. d4 c6 3. Bf4 Bg4 4. Nbd2 Nd7 5. h3 Bh5 6. e3 e6 7. Bd3 Ngf6 8. O-O
Be7 9. c4 O-O 10. Qb3 Qb6 11. c5 Qxb3 12. axb3 Rfe8 13. b4 a6 14. Nb3 Bxf3 15.
gxf3 Bd8 16. Na5 Bxa5 17. bxa5 e5 18. Bg3 exd4 19. exd4 Nf8 20. Ra3 Ne6 21. Ra4
g6 22. Rb4 Re7 23. Bd6 Rd7 24. Be5 Nh5 25. Re1 Re8 26. Bd6 f6 27. Re3 Kf7 28.
Bf1 Nhf4 29. Reb3 Rxd6 30. cxd6 Nd8 31. Re3 Re6 32. Rxe6 Kxe6 33. Rb6 Kxd6 34.
Kh2 Nfe6 35. Rb4 c5 36. Rb6+ Kc7 37. dxc5 Nxc5 38. Rxf6 Nb3 39. Rf4 Nxa5 40.
Rd4 Kd6 41. f4 Ne6 42. Ra4 Nc6 43. Kg3 Nc5 44. Ra1 Ne4+ 45. Kf3 Nd4+ 46. Kg2
Ne6 47. Bd3 Nxf4+ 48. Kf3 Nxd3 49. Ke3 Nxb2 50. Kd4 Nc4 51. f4 a5 52. f5 gxf5
53. h4 b5 54. h5 b4 55. h6 b3 56. Rg1 b2 57. Rg6+ hxg6 58. h7 b1=Q 59. h8=Q
Qb2+ 60. Kd3 Qd2# 0-1

[Event "Titled Tuesday 2022.07.19 Late"]
[Site "chess.com INT"]
[Date "2022.07.19"]
[Round "2"]
[White "Muhammed, Shuaau"]
[Black "Atanasov, Anthony"]
[Result "0-1"]
[WhiteElo "1987"]
[BlackElo "2172"]
[PlyCount "88"]
[EventDate "2022.07.19"]
[EventType "swiss (blitz)"]
[EventRounds "11"]
[EventCountry "NET"]
[Source "Mark Crowther"]
[SourceDate "2022.07.25"]

1. f4 d5 2. Nf3 Nf6 3. b3 c5 4. Bb2 Nc6 5. e3 Bf5 6. Bb5 e6 7. O-O Bd6 8. Nc3
Qc7 9. Ne2 a6 10. Bxc6+ Qxc6 11. h3 h5 12. Ng3 O-O-O 13. Ne5 Qc7 14. Nxf5 exf5
15. d4 Rhe8 16. dxc5 Bxc5 17. Bd4 Ne4 18. c4 dxc4 19. Rc1 c3 20. Qd3 f6 21. Nf3
Kb8 22. Rc2 g5 23. Rfc1 gxf4 24. Rxc3 Nxc3 25. Rxc3 Rxe3 26. Rxc5 Qxc5 27. Qxe3
fxe3 28. Bxc5 Rd1+ 29. Kh2 f4 30. a4 Kc7 31. a5 Kc6 32. b4 Kd5 33. Ng1 Ke4 34.
h4 Rd2 35. Nf3 Rf2 36. Kg1 Kd3 37. Nd4 Rd2 38. Ne6 Rd1+ 39. Kh2 Ke4 40. g3 f3
41. Nf4 f2 42. Ne2 f1=Q 43. Nc3+ Kf3 44. Bxe3 Qg2# 0-1

[Event "Titled Tuesday 2022.07.19 Late"]
[Site "chess.com INT"]
[Date "2022.07.19"]
[Round "3"]
[White "Atanasov, Anthony"]
[Black "Leitao, R."]
[Result "1-0"]
[WhiteElo "2172"]
[BlackElo "2592"]
[PlyCount "89"]
[EventDate "2022.07.19"]
[EventType "swiss (blitz)"]
[EventRounds "11"]
[EventCountry "NET"]
[Source "Mark Crowther"]
[SourceDate "2022.07.25"]

1. d4 Nf6 2. Nf3 e6 3. Bf4 c5 4. e3 b6 5. Nbd2 Bb7 6. Nc4 cxd4 7. exd4 d6 8. c3
Be7 9. Be2 O-O 10. O-O Nc6 11. a4 Nd5 12. Bg3 f5 13. h3 g5 14. Re1 h5 15. Bd3
Qd7 16. Qe2 g4 17. hxg4 hxg4 18. Nfd2 Rf6 19. a5 Rh6 20. Ne3 Nxe3 21. Qxe3 Kg7
22. Bf4 Rg6 23. a6 Bc8 24. Nc4 Rb8 25. Qg3 Qd8 26. Nxd6 Bh4 27. Qe3 Bd7 28. Bc4
Ne7 29. Be5+ Kf8 30. Nb7 Qe8 31. Nd6 Qd8 32. Nb7 Qe8 33. Bxb8 Qxb8 34. Qe5 Qxe5
35. Rxe5 g3 36. f4 Bf6 37. Re3 Rg4 38. Bxe6 Bc6 39. Nd8 Be4 40. Rxe4 Rh4 41.
Re3 Ng6 42. Bxf5 Nxf4 43. Ne6+ Nxe6 44. Bxe6 Bg5 45. Rf3+ 1-0

[Event "Titled Tuesday 2022.07.19 Late"]
[Site "chess.com INT"]
[Date "2022.07.19"]
[Round "4"]
[White "Paiva, Donaldo"]
[Black "Atanasov, Anthony"]
[Result "0-1"]
[WhiteElo "2191"]
[BlackElo "2172"]
[PlyCount "40"]
[EventDate "2022.07.19"]
[EventType "swiss (blitz)"]
[EventRounds "11"]
[EventCountry "NET"]
[Source "Mark Crowther"]
[SourceDate "2022.07.25"]

1. d4 Nf6 2. c4 e6 3. Nf3 d5 4. Nc3 c5 5. cxd5 Nxd5 6. e4 Nxc3 7. bxc3 cxd4 8.
cxd4 Bb4+ 9. Bd2 Bxd2+ 10. Qxd2 O-O 11. Bc4 b6 12. O-O Bb7 13. Rfe1 Nc6 14.
Rad1 Rc8 15. d5 Na5 16. Be2 Rc5 17. dxe6 Qxd2 18. exf7+ Rxf7 19. Rxd2 Bxe4 20.
Ng5 Rxg5 0-1

[Event "Titled Tuesday 2022.07.19 Late"]
[Site "chess.com INT"]
[Date "2022.07.19"]
[Round "5"]
[White "Aldokhin, I."]
[Black "Atanasov, Anthony"]
[Result "1-0"]
[WhiteElo "2413"]
[BlackElo "2172"]
[PlyCount "41"]
[EventDate "2022.07.19"]
[EventType "swiss (blitz)"]
[EventRounds "11"]
[EventCountry "NET"]
[Source "Mark Crowther"]
[SourceDate "2022.07.25"]

1. e4 c5 2. Nf3 d6 3. d4 cxd4 4. Nxd4 Nf6 5. Nc3 a6 6. Bc4 e6 7. Bb3 Nbd7 8.
O-O Nc5 9. Re1 Be7 10. Qf3 Qc7 11. Bg5 b5 12. Nf5 exf5 13. Bxf6 gxf6 14. Nd5
Qd8 15. Nxe7 Kxe7 16. exf5+ Be6 17. fxe6 fxe6 18. Rxe6+ Nxe6 19. Re1 Qd7 20.
Bxe6 Qxe6 21. Qb7+ 1-0

[Event "CAN op"]
[Site "Hamilton CAN"]
[Date "2022.07.12"]
[Round "1.22"]
[White "Atanasov, Anthony"]
[Black "Li, Adam"]
[Result "1-0"]
[WhiteElo "2340"]
[BlackElo "1942"]
[PlyCount "123"]
[EventDate "2022.07.12"]
[EventType "swiss"]
[EventRounds "9"]
[EventCountry "CAN"]

1. d4 d5 2. Nf3 Nf6 3. Bf4 e6 4. Nbd2 Bd6 5. Bg5 Be7 6. e3 O-O 7. Bd3 b6 8. Ne5
Bb7 9. Qe2 Nbd7 10. f4 Ne4 11. Bxe7 Qxe7 12. Nxd7 Qxd7 13. Nxe4 dxe4 14. Bb5
Qe7 15. O-O a5 16. a3 Rfd8 17. c3 c6 18. Bc4 b5 19. Bb3 c5 20. f5 c4 21. Bc2 f6
22. Qg4 exf5 23. Qxf5 Bc6 24. Rf4 Re8 25. Rd1 Rad8 26. d5 Bd7 27. Qxe4 Qxe4 28.
Rxe4 Rxe4 29. Bxe4 Re8 30. Rd4 f5 31. Bf3 Rxe3 32. a4 bxa4 33. Kf2 Re8 34. Be2
Rb8 35. Rd2 Rc8 36. Rd4 Rb8 37. Rd2 Rc8 38. Ke3 Kf7 39. Kd4 Bb5 40. Ke5 g6 41.
d6 Bd7 42. Bf3 g5 43. Bd5+ Kg6 44. Kd4 Kf6 45. Re2 f4 46. Re7 Bf5 47. Rf7+ Kg6
48. Ke5 Re8+ 49. Re7 Rxe7+ 50. dxe7 Bd7 51. Bxc4 g4 52. Be6 Bb5 53. c4 Be8 54.
Bxg4 Kf7 55. Kd6 Kf6 56. Bd7 Kf7 57. Bxe8+ Kxe8 58. Ke6 h5 59. c5 h4 60. c6 h3
61. c7 hxg2 62. c8=Q# 1-0

[Event "CAN op"]
[Site "Hamilton CAN"]
[Date "2022.07.12"]
[Round "2.19"]
[White "Mendes, Aaron Reeve"]
[Black "Atanasov, Anthony"]
[Result "0-1"]
[WhiteElo "2106"]
[BlackElo "2340"]
[PlyCount "96"]
[EventDate "2022.07.12"]
[EventType "swiss"]
[EventRounds "9"]
[EventCountry "CAN"]

1. e4 e5 2. Nf3 Nf6 3. d4 Nxe4 4. Bd3 d5 5. Nxe5 Nd7 6. Nxd7 Bxd7 7. Qe2 Qe7 8.
f3 Nd6 9. Qxe7+ Bxe7 10. Nc3 c6 11. Ne2 O-O-O 12. b3 Bf5 13. Bxf5+ Nxf5 14. c3
Rhe8 15. Bd2 c5 16. Kf2 cxd4 17. cxd4 Bf6 18. Rac1+ Kd7 19. Rc5 Nxd4 20. Nf4
Nxb3 21. Rxd5+ Kc6 22. axb3 Rxd5 23. Nxd5 Kxd5 24. Be3 Bd4 25. Bxd4 Kxd4 26.
Rd1+ Kc3 27. Rd7 Rb8 28. Rxf7 Kxb3 29. Rxg7 a5 30. Rxh7 a4 31. h4 a3 32. Re7 b5
33. Ra7 a2 34. g4 Kb2 35. h5 a1=Q 36. Rxa1 Kxa1 37. g5 b4 38. h6 b3 39. h7 b2
40. g6 b1=Q 41. g7 Qxh7 42. g8=Q Rxg8 43. Ke3 Qf5 44. Kd4 Rd8+ 45. Ke3 Rd3+ 46.
Kf2 Qxf3+ 47. Kg1 Rd1+ 48. Kh2 Rh1# 0-1